000 00318nam a2200133Ia 4500
008 240624s9999 xx 000 0 und d
041 _aeng
082 _a658 MIL
100 _aMILGRAM LYNNE
245 _aMANAGING SMART
260 _c2004
_aNew Delhi
_bPrentice-Hall
300 _axix, : 412 : p. : cm. ; 24
365 _cRS
999 _c265
_d265